| 000 | 01099cab a2200253 4500 | ||
|---|---|---|---|
| 001 | E2676 | ||
| 008 | 090401t1996 xxu||||| |||| 00| 0 eng d | ||
| 035 | _a(Sirsi) u40504 | ||
| 041 | _aeng | ||
| 245 | _aHamilton v City of Glasgow District Council | ||
| 260 | _c1996 | ||
| 350 | _a0 | ||
| 490 |
_aScots Law Times _v1996 SLT (Lands Tr) 14-17 (4) |
||
| 520 | _aLands Tribunal for Scotland. Sheriff A C Horsfall, QC 10 August 1995. . Landlord and tenant - public sector housing - tenants` rights - purchase of dwellinghouse - price - discount on market value - periods of occupation to be taken into account in calculation of discount - wife succeeding husband as tenant and son succeeding mother - whether son succeeded indirectly to rights of father - Housing (Scotland) Act 1987. | ||
| 650 |
_aLANDLORD AND TENANT _96252 |
||
| 650 | _aLANDS TRIBUNAL FOR SCOTLAND | ||
| 650 | _aPUBLIC SECTOR HOUSING | ||
| 650 | _aRIGHT TO BUY | ||
| 650 | _aSCOTS LAW | ||
| 650 | _aTENANTS' RIGHTS | ||
| 690 | _aLANDLORD AND TENANT-CASE LAW-RESIDENTIAL TENANCIES | ||
| 942 | _n0 | ||
| 948 | _c04/03/1997 | ||
| 999 |
_c25952 _d25952 |
||